| 000 | 00405nam a2200169Ia 4500 | ||
|---|---|---|---|
| 008 | 170203s9999 xx 000 0 und d | ||
| 020 | _a9780710508119 | ||
| 050 | _a30 | ||
| 050 | _b.T374 | ||
| 245 | 4 | _aThe pictorial encyclopedia / | |
| 260 | _aEngland : | ||
| 260 | _bPeter Haddock Limited, | ||
| 300 | _a92 pages : | ||
| 300 | _billustrations ; | ||
| 650 | _aEncyclopedias. | ||
| 650 | _xFacts. | ||
| 999 |
_c305536 _d305536 |
||